دور جامعة القاهرة فى بناء مصر الحديثة/ (Record no. 15766)
[ view plain ]
| 000 -الفاتح | |
|---|---|
| حقل البيانات ثابتة الطول | 00935nam a22001937a 4500 |
| 008 - عناصر البيانات ثابتة الطول - معلومات عامة | |
| حقل البيانات ثابتة الطول | 110801t1997 xxu||||g |||| 000 0 ara d |
| 020 ## - الرقم الدولى المعيارى للكتب | |
| الرقم الدولى المعيارى للكتاب | 9775652723 |
| 082 ## - رقم تصنيف ديوى العشرى | |
| رقم الطبعة | 22 |
| رقم التصنيف | 378.62 |
| رقم المادة | ر ي د |
| 100 ## - المدخل الرئيسى - إسم شخصى | |
| 9 (RLIN) | 26511 |
| الإسم الشخصى | ريد، دونالد مالكوم |
| 245 ## - بيان العنوان | |
| العنوان | دور جامعة القاهرة فى بناء مصر الحديثة/ |
| بقية العنوان | تأليف دونالد مالكوم ريد؛ترجمة إكرام يوسف |
| 260 ## - PUBLICATION, DISTRIBUTION, ETC. (IMPRINT) | |
| مكان الناشر او الموزع | القاهرة: |
| اسم الناشر او الموزع | مركز المحروسة للبحوث و التدريب و النشر،1997. |
| تاريخ النشر أو التوزيع | 1997. |
| 300 ## - الوصف المادى | |
| التعداد | 407ص، |
| أبعاد الوعاء | 24سم. |
| 650 ## - المدخل الاضافى بالموضوع-مصطلح موضوعى | |
| 9 (RLIN) | 26513 |
| مصطلح موضوعي أو اسم جغرافي كعنصر مدخل | جامعة القاهرة |
| 650 ## - المدخل الاضافى بالموضوع-مصطلح موضوعى | |
| 9 (RLIN) | 26514 |
| مصطلح موضوعي أو اسم جغرافي كعنصر مدخل | جامعة القاهرة |
| التقسيم الفرعي الزمني | تاريخ |
| 653 ## - مصطلح تكشيفى غير مقيد | |
| Resource For college | |
| Arrived date list | August2011 |
| 700 ## - المدخل الاضافى - اسم شخصى | |
| 9 (RLIN) | 26512 |
| الإسم الشخصى | يوسف،إكرام |
| 942 ## - عناصر المدخل الإضافي( كوها) | |
| مصدر التصنيف او مخطط الترفيف | Dewey Decimal Classification |
| Koha [default] item type | Book - Borrowing |
| حالة التراجع | حالة الفقد | مصدر التصنيف او خطة الترفيف | حالة تلف | ليس للاعارة | مجموعات كوها | المكان الدائم | المكان الحالي | موقع الترفيف | تاريخ الاكتساب | Source of acquisition | رقم الاستدعاء | الباركود | Date last seen | نوع الوعاء |
|---|---|---|---|---|---|---|---|---|---|---|---|---|---|---|
| Dewey Decimal Classification | Central Library | Central Library | First floor | 01/08/2011 | Donation | 378.62 ر ي د | 000023038 | 15/07/2025 | Book - Borrowing |